Správa IT portfólia

Bibliographic Details
Format: Article
Language:Slovak
PhysicalDescription:Fotogr.
ISSN:1335-4787
Subjects:

MARC

LEADER 00000nab a2200000 a 4500
001 vtls008625848
003 SK-MaSNL
005 20260304180246.0
008 250505c2005 xo mr|p|||||||000 b|slo
015 |a SNBRB2006/02  |2 snkbucl 
035 |a (sysno)vtls008625848 
035 |a urn:nbn:sk:snk-ab6i2u 
035 |a (uuid)8ddac2b2-f036-4bef-b961-d5e118c0a1ff 
035 |a (urnnbn)urn:nbn:sk:snk:ar-003907 
038 |a SNKBUCL 
040 |a SNKBUCL  |b slo  |c SNKBUCL  |e AACR2 
041 0 |a slo 
044 |a xo  |c SK 
080 |a 658.012.43:004  |2 1997 
080 |a 004:005  |2 1997 
080 |a 005:004  |2 1997 
245 0 0 |a Správa IT portfólia  |c zdroj: CIO 
300 |b Fotogr. 
650 0 7 |a informačné technológie  |2 snkbucl  |9 1527 
650 0 7 |a informačný manažment  |2 snkbucl  |9 4990 
773 0 |t Infoware  |g Č. december (2005), s. 20-21  |x 1335-4787 
850 |a Slovenská národná knižnica 
852 |a Slovenská národná knižnica 
954 |a odborná, vedecká literatúra pôvodná (slovenská)  |2 lita 
958 |a article2022 
958 |a OND 
958 |a EUIPO 
999 |c 3017235  |d 3019165